000 02233cam a22004454i 4500
003 PE-LiUPU
005 20250731165411.0
008 151022s2013 pe a grm 000 0 spa d
035 _a(Sirsi) a155054
040 _aPE-LiUPU
_bspa
_cPE-LiUPU
_erda
099 _aTNH 2
_bB31 2013
100 1 _aBecerril Sopla, Llicely Yovany
_eautor
245 1 _aRelación del peso al nacer con la desnutrición crónica en niños de tres a seis años de las instituciones educativas iniciales números 162 y 171 de Huaycán, 2012 /
_cLlicely Yovany Becerril Sopla.
264 0 _c2013.
300 _a97 hojas :
_bilustraciones;
_c30 cm
336 _atext
_2rdacontent
337 _aunmediated
_2rdamedia
338 _avolume
_2rdacarrier
502 _aTesis
_b(Lic.) --
_cUniversidad Peruana Unión,
_d2013.
504 _aIncluye referencias
520 3 _aEl objetivo de este trabajo de investigación fue determinar si existe relación entre el peso al nacer con la desnutrición crónica en niños de tres a seis años de las instituciones educativas iniciales N° 162 y 171 de Huaycán. -Se realizó, un estudio de correlación de corte transversal desde agosto del 2011 a diciembre 2012, con 518 niños de tres a seis años de las instituciones educativas iniciales N° 162 y 171 de la comunidad autogestionaria de Huaycán - Lima, Perú. Para la recolección de datos se utilizó la lista de alumnos, el carnet de control de crecimiento y desarrollo del niño y se realizaron las medidas antropométricas. El diagnóstico nutricional, se realizó mediante los indicadores antropométricos talla/edad, según la clasificación de Waterloo , teniendo como referencia las tablas de la OMS 2007.
526 _aSEG44
526 _aSEG26
526 _aP151
526 _aP150
526 _aP149
526 _aP146
526 _aP145
526 _aP126
526 _aP125
526 _aP92
526 _aP75
526 _aP74
526 _aP27
526 _aP15
650 0 4 _aNiños recién nacidos
_xNutrición
596 _a1
942 _2ddc
_cTESIS
999 _aTNH 2 B31 2013
_wALPHANUM
_c7746
_iT01342
_lCCODEBUL3
_mBUL
_r1
_sY
_tTESIS
_u2015-10-22
_xSALUD
_PP31
_o.STAFF. Tesis
_d7746
980 _81
_gALBERTO SANCHEZ Responsable de Automatización